Les plus grandes villes de Nouvelle-Calédonie - Statistiques

Statistiques générales
  • Ce quiz a été pris 351 fois
  • Le résultat moyen est 11 sur 17
Statistiques - réponses
Population (2014) Ville % Correct
99,926 Nouméa
100%
31,812 Dumbéa
81%
20,616 Païta
81%
5,444 Bourail
79%
7,340 Koné
76%
27,155 Mont-Dore
73%
4,252 Koumac
64%
3,542 La Foa
61%
3,687 Canala
59%
9,275 Lifou
59%
5,648 Maré
59%
3,005 Boulouparis
58%
3,374 Ouvéa
58%
4,868 Poindimié
51%
3,160 Voh
49%
3,036 Poya
35%
4,240 Houaïlou
31%
Aucun quiz correspondant
Distribution des résultats
% des personnes avec chaque résultat
Percentile par nombre de réponses
Votre historique - résultats
Vous n’avez pas pris ce quiz